Welke plaatsen - Sudden Death - liggen in de provincie Zuid Holland - Statistieken

Algemene statistieken
  • Deze quiz is 54 keer genomen
  • De gemiddelde score is 17 van 23
Answers on the Grid
Answers color-coded by a green-red scale on the quiz's grid according to % correct below.
Hellevoetsluis
Doorn
Katwijk
Leiden
Gorinchem
Ridderkerk
Kortgene
Hillegom
Brielle
Papendrecht
Zwijndrecht
Sliedrecht
Mechelen
Numansdorp
Waddinxveen
Den Helder
Stellendam
Krimpen aan den IJssel
Susteren
Nieuwerkerk aan den IJssel
Oude Tonge
Zeewolde
Rotterdam
Barendrecht
Ouddorp
Naaldwijk
Baarn
Maassluis
Oud Beijerland
Alphen aan de Rijn
 
Antwoordstatistieken
Antwoord % Correct
Rotterdam
100%
Katwijk
98%
Leiden
98%
Hellevoetsluis
90%
Zwijndrecht
90%
Alphen aan de Rijn
88%
Barendrecht
88%
Maassluis
85%
Papendrecht
85%
Ridderkerk
85%
Krimpen aan den IJssel
83%
Gorinchem
80%
Sliedrecht
80%
Nieuwerkerk aan den IJssel
78%
Waddinxveen
65%
Brielle
63%
Oud Beijerland
60%
Ouddorp
58%
Hillegom
55%
Naaldwijk
55%
Stellendam
48%
Numansdorp
43%
Oude Tonge
43%
Geen overeenkomende quizzen gevonden
Scoreverdeling
Procent van Mensen met Elke Score
Percentiel versus Aantal Correcte Antwoorden
Uw Scoregeschiedenis
U heeft deze quiz nog niet genomen